00394pab a2200133 454500008004000000100002200040245005800062260000900120300001500129362001100144650003600155650003500191773003400226180718b1995 xxu||||| |||| 00| 0 eng d aMukherjee, Tushar aTotal literacy campaign in West Bengalban appraisal. c1995 ap.2721-724 a28 Oct aEducation - India - West Bengal aLiteracy - India - West Bengal aEconomic and Political Weekly